La Vida o el capital: la problemática de la propiedad de la actual estrategia de globalización /
Zapisane w:
| 1. autor: | |
|---|---|
| Korporacja: | |
| Format: | Książka |
| Język: | Spanish |
| Wydane: |
San José, Costa Rica
DEI
2004
|
| Hasła przedmiotowe: | |
| Etykiety: |
Dodaj etykietę
Nie ma etykietki, Dołącz pierwszą etykiete!
|
MARC
| LEADER | 00000nam a2200000 4500 | ||
|---|---|---|---|
| 003 | cru CIDCACS/IIS | ||
| 005 | 20181120090215.0 | ||
| 008 | 181120b2004 CR ||||| |||| 00| 0 spa d | ||
| 999 | |c 41915 |d 41915 | ||
| 040 | |c cru CIDCACS/IIS | ||
| 090 | |a REV0750 (115) 2004 | ||
| 100 | 1 | |9 7987 |a Gutiérrez, German | |
| 110 | 2 | |9 7636 |a Departamento Ecuménico de Investigaciones (DEI) | |
| 245 | |a La Vida o el capital: |b la problemática de la propiedad de la actual estrategia de globalización / |c Germán Gutiérrez | ||
| 260 | |a San José, Costa Rica |b DEI |c 2004 | ||
| 300 | |a 1 - 7 páginas. | ||
| 650 | 0 | |9 129 |a NEOLIBERALISMO | |
| 650 | 0 | |9 7266 |a PROPIEDAD | |
| 650 | 0 | |9 913 |a VIDA | |
| 650 | 0 | |9 2708 |a RESEÑAS BIBLIOGRAFICAS | |
| 773 | 0 | |0 41641 |9 2425 |a Departamento Ecuménico de Investigaciones (DEI) |d San José, Costa Rica Departamento Ecuménico de Investigaciones (DEI) |o 20208 |t Pasos / | |
| 942 | |2 ddc |c PP | ||
